| Поле | Название | Значение |
| |
Тип записи |
c |
| |
Библиографический уровень |
m |
| 001 |
Контрольный номер |
RU/УОНБ/EK_N/573132592 |
| 005 |
Дата корректировки |
20250312135606.6 |
| 010 |
Индекс ISBN |
__ |
| 9 |
Тираж |
2500 экз. |
| 013 |
Номер (ISMN) |
__ |
| a |
Номер (ISMN) |
979-0-66003-427 |
| d |
Цена |
209 р. |
| 100 |
Данные общей обработки |
__ |
| a |
Данные общей обработки |
20180228d2016 u y0rusy0189||||ca |
| 101 |
Язык документа |
0_ |
| a |
Язык текста |
rus |
| f |
Язык титульного листа |
rus |
| 102 |
Страна публикации |
__ |
| a |
Страна публикации |
RU |
| 105 |
Кодированные данные (монография) |
__ |
| a |
Кодированные данные (монография) |
y###||||000|y |
| 125 |
Кодированные данные звукозаписи и нотных изданий |
__ |
| a |
Форма изложения нотного текста |
с| |
| 128 |
Кодированные данные (звукозаписи-физические характеристики) |
__ |
| a |
Кодированные данные: Музыкальная форма и тональность или лад |
zz |
| c |
Инструменты или голоса, рекомендуемые для солистов (устаревшее) |
ka|| |
| 200 |
Заглавие и сведения об ответственности |
1_ |
| a |
Заглавие |
Вып. 5 |
| 210 |
Выходные данные |
1_ |
| d |
Дата издания |
2016 |
| 215 |
Физическое описание |
__ |
| a |
Объем |
83 с. |
| 327 |
Примечание о содержании |
11 |
| a |
Примечание о содержании |
Содерж. : Пахельбель И. Канон. - Зелёные рукава : баллада. - Глюк К. В. Мелодия : из оперы "Орфей". - Моцарт В. А. Лакримоза : из "Реквиема". - Шуберт Ф. Ave, Maria. - Мендельсон Ф. Свадебный марш : из музыки к спектаклю "Сон в летнюю ночь" ; Песня венецианского гондольера. - Чайковский П. Вальс цветов : из балета "Щелкунчпик". - Шопен Ф. Прелюдия. - Верди Дж. Марш : из оперы "Аида". - Массне Ж. Ариозо Вертера : из оперы "Вертер". - Гуно Ш. Вальс Джульетты : из оперы "Ромео и Джульетта". - Бизе Ж. Куплеты Тореадора : из оперы "Кармен". - Вагнер Р. Полёт валькирий : из оперы "Валькирия". - Григ Э. Песня Сольвейг : из сюиты "Пер Гюнт". - Штраус И. Вальс : из оперетты "Цыганский барон". - Джойс А. Грёзы : вальс. - Кремье О. Когда умирает любовь : вальс-бостон. - Строк О. Не покидай : танго. - Брюн К. Парижское танго. - Абреу З. Самба. - Шеринг К. Колыбельная. - Коулер Т., Арлен Г. Счастливый день. |
| 461 |
Уровень набора |
_0 |
| 1 |
|
001RU/УОНБ/EK_N/573043463 |
| 1 |
|
200 |
| a |
|
Золотые хиты |
| b |
|
Ноты |
| e |
|
для фп. |
| e |
|
оригинал. произведения и облегч. перелож. |
| f |
|
сост. Н. Сазонова |
| v |
|
Вып. 5 |
| 1 |
|
210 |
| a |
|
Ростов-на-Дону |
| c |
|
Феникс |
| d |
|
2016 |
| 1 |
|
225 |
| a |
|
Любимые мелодии |
| 464 |
Аналитический уровень |
_0 |
| 1 |
|
2001 |
| a |
|
Канон |
| 1 |
|
700 1 |
| a |
|
Пахельбель |
| b |
|
И. |
| 464 |
Аналитический уровень |
_0 |
| 1 |
|
2001 |
| a |
|
Зелёные рукава |
| e |
|
баллада |
| 464 |
Аналитический уровень |
_0 |
| 1 |
|
2001 |
| a |
|
Мелодия |
| e |
|
из оперы "Орфей" |
| 1 |
|
700 1 |
| a |
|
Глюк |
| b |
|
К. В. |
| 1 |
|
50010 |
| a |
|
Орфей |
| 464 |
Аналитический уровень |
_0 |
| 1 |
|
2001 |
| a |
|
Лакримоза |
| e |
|
из "Реквиема" |
| 1 |
|
700 1 |
| a |
|
Моцарт |
| b |
|
В. А. |
| 1 |
|
50010 |
| a |
|
Реквием |
| 464 |
Аналитический уровень |
_0 |
| 1 |
|
2001 |
| a |
|
Ave, Maria |
| 1 |
|
700 1 |
| a |
|
Шуберт |
| b |
|
Ф. |
| 464 |
Аналитический уровень |
_0 |
| 1 |
|
2001 |
| a |
|
Свадебный марш |
| e |
|
из музыки к спектаклю "Сон в летнюю ночь" |
| 1 |
|
700 1 |
| a |
|
Мендельсон |
| b |
|
Ф. |
| 1 |
|
50010 |
| a |
|
Сон в летнюю ночь |
| 464 |
Аналитический уровень |
_0 |
| 1 |
|
2001 |
| a |
|
Вальс цветов |
| e |
|
из балета "Щелкунчик" |
| 1 |
|
700 1 |
| a |
|
Чайковский |
| b |
|
П. |
| 1 |
|
50010 |
| a |
|
Щелкунчик |
| 464 |
Аналитический уровень |
_0 |
| 1 |
|
2001 |
| a |
|
Прелюдия |
| 1 |
|
700 1 |
| a |
|
Шопен |
| b |
|
Ф. |
| 464 |
Аналитический уровень |
_0 |
| 1 |
|
2001 |
| a |
|
Марш |
| e |
|
из оперы "Аида" |
| 1 |
|
700 1 |
| a |
|
Верди |
| b |
|
Дж. |
| 1 |
|
50010 |
| a |
|
Аида |
| 464 |
Аналитический уровень |
_0 |
| 1 |
|
2001 |
| a |
|
Ариозо Вертера |
| e |
|
из оперы "Вертер" |
| 1 |
|
700 1 |
| a |
|
Массне |
| b |
|
Ж. |
| 1 |
|
50010 |
| a |
|
Вертер |
| 464 |
Аналитический уровень |
_0 |
| 1 |
|
2001 |
| a |
|
Вальс Джульетты |
| e |
|
из оперы "Ромео и Джульетта" |
| 1 |
|
700 1 |
| a |
|
Гуно |
| b |
|
Ш. |
| 1 |
|
50010 |
| a |
|
Ромео и Джульетта |
| 464 |
Аналитический уровень |
_0 |
| 1 |
|
2001 |
| a |
|
Куплеты Тореадора |
| e |
|
из оперы "Кармен" |
| 1 |
|
700 1 |
| a |
|
Бизе |
| b |
|
Ж. |
| 1 |
|
50010 |
| a |
|
Кармен |
| 464 |
Аналитический уровень |
_0 |
| 1 |
|
2001 |
| a |
|
Полёт валькирий |
| e |
|
из оперы "Валькирия" |
| 1 |
|
700 1 |
| a |
|
Вагнер |
| b |
|
Р. |
| 1 |
|
50010 |
| a |
|
Валькирия |
| 464 |
Аналитический уровень |
_0 |
| 1 |
|
2001 |
| a |
|
Песня Сольвейг |
| e |
|
из сюиты "Пер Гюнт" |
| 1 |
|
700 1 |
| a |
|
Григ |
| b |
|
Э. |
| 1 |
|
50010 |
| a |
|
Пер Гюнт |
| 464 |
Аналитический уровень |
_0 |
| 1 |
|
2001 |
| a |
|
Вальс |
| e |
|
из оперетты "Цыганский барон" |
| 1 |
|
700 1 |
| a |
|
Штраус |
| b |
|
И. |
| 1 |
|
50010 |
| a |
|
Цыганский барон |
| 464 |
Аналитический уровень |
_0 |
| 1 |
|
2001 |
| a |
|
Грёзы |
| e |
|
вальс |
| 1 |
|
700 1 |
| a |
|
Джойс |
| b |
|
А. |
| 464 |
Аналитический уровень |
_0 |
| 1 |
|
2001 |
| a |
|
Когда умирает любовь |
| e |
|
вальс-бостон |
| 1 |
|
700 1 |
| a |
|
Кремье |
| b |
|
О. |
| 464 |
Аналитический уровень |
_0 |
| 1 |
|
2001 |
| a |
|
Не покидай |
| e |
|
танго |
| 1 |
|
700 1 |
| a |
|
Строк |
| b |
|
О. |
| 464 |
Аналитический уровень |
_0 |
| 1 |
|
2001 |
| a |
|
Парижское танго |
| 1 |
|
700 1 |
| a |
|
Брюн |
| b |
|
К. |
| 464 |
Аналитический уровень |
_0 |
| 1 |
|
2001 |
| a |
|
Самба |
| 1 |
|
700 1 |
| a |
|
Абреу |
| b |
|
З. |
| 464 |
Аналитический уровень |
_0 |
| 1 |
|
2001 |
| a |
|
Колыбельная |
| 1 |
|
700 1 |
| a |
|
Шеринг |
| b |
|
К. |
| 464 |
Аналитический уровень |
_0 |
| 1 |
|
2001 |
| a |
|
Счастливый день |
| 1 |
|
700 1 |
| a |
|
Коулер |
| b |
|
Т. |
| 1 |
|
701 1 |
| a |
|
Арлен |
| b |
|
Г. |
| 464 |
Аналитический уровень |
_0 |
| 1 |
|
2001 |
| a |
|
Песня венецианского гондольера |
| 1 |
|
700 1 |
| a |
|
Мендельсон |
| b |
|
Ф. |
| 512 |
Заглавие обложки |
1_ |
| a |
Заглавие обложки |
Золотые хиты |
| 606 |
Тематические рубрики |
0_ |
| a |
Основная рубрика |
Фортепианная музыка |
| x |
Основная подрубрика |
Переложения |
| 610 |
Ключевые слова |
0_ |
| a |
Ключевые слова |
фортепиано |
| 610 |
Ключевые слова |
0_ |
| a |
Ключевые слова |
переложения |
| 686 |
Индексы других классификаций |
__ |
| a |
Классификационный индекс |
85.954.2я43 |
| 2 |
Код системы |
rubbk |
| 801 |
Источник записи |
_0 |
| a |
Страна |
RU |
| b |
Организация |
Ульяновская ОНБ |
| c |
Дата составления |
20180228 |
| g |
Правила каталогизации |
RCR |
| 801 |
Источник записи |
_1 |
| a |
Страна |
RU |
| b |
Организация |
Ульяновская ОНБ |
| c |
Дата составления |
20180228 |
| g |
Правила каталогизации |
RCR |
| 901 |
Тип документа |
__ |
| t |
Тип документа |
n |
| w |
Контрольный № источника |
RU/УОНБ/EK_N/573043463 |
| 909 |
Создатель записи |
__ |
| a |
Создатель записи |
Лобина Л. И. |
| 910 |
Корректоры записи |
__ |
| a |
Корректор записи |
васина |
| 938 |
Служебная информация |
__ |
| a |
Имя БД |
noti |
| b |
Имя библиотеки |
УОНБ |
| c |
Имя АИБС |
МАРК-SQL |
| d |
Номер DOC_ID в БД |
17867 |